| 000 | 00838nas a2200277 4500 | ||
|---|---|---|---|
| 001 | BR2012002730 | ||
| 003 | BR-BrBNA | ||
| 005 | 20231205120429.0 | ||
| 007 | ta | ||
| 008 | 230509b bl.|||p| |||| 00| 00por d | ||
| 040 |
_aBR-BrBNA _bpor _cBiblioteca Nacional de Agricultura |
||
| 041 | _a(Pt) | ||
| 072 | _aF03; P35 | ||
| 100 | 1 | _aLarré, C.F. | |
| 100 | 1 | _aMoraes, D.M. de | |
| 100 | 1 | _aLopes, N.F. | |
| 245 | 1 | _aQualidade fisiológica de sementes de arroz tratadas com solução salina e 24-Epobrassinolídeo | |
| 650 | _aARROZ | ||
| 650 | _aSALINIDADE | ||
| 650 | _aSEMENTE | ||
| 650 | _aPERFORMANCE | ||
| 650 | _aMÉTODO ESTATÍSTICO | ||
| 773 | 0 |
_tRevista Brasileira de Sementes (Brazil) _xISSN 0101-3122 _g(2011), v. 33(1) p. 86-94 _wBR2012002730 |
|
| 909 |
_a202311 _bLúcia _c55 _dLúcia Elande |
||
| 942 |
_2AGRIS _n0 _cANA |
||
| 999 |
_c218462 _d218462 |
||